| 000 | 00000nam##2200000za#4500 |
| 001 | 9.633008 |
| 003 | CaOODSP |
| 005 | 20210624215121 |
| 007 | cr ||||||||||| |
| 008 | 150407|2001||||xxc|||||o f|0| 0 fre|d |
| 040 | |aCaOODSP|bfre |
| 043 | |an-cn--- |
| 086 | 1 |aSW21-142/2001F-PDF |
| 110 | 1 |aCanada. |bCondition féminine Canada. |
| 245 | 10|aRetour sur les méthodologies de recherche féministes : |h[ressource électronique]|bdocument de travail / |c[par] Damaris Rose. |
| 260 | |aOttawa - Ontario : |bCondition féminine Canada |c2001. |
| 300 | |a55p.|bréférences |
| 500 | |aY compris une bibliographie thématique choisie. |
| 504 | |aBibliographie. |
| 590 | |a06-10-Supp|b2006-12-15 |
| 691 | 07|aAnalyse|2gcpds |
| 691 | 07|aFemme|2gcpds |
| 691 | 07|aMéthodologie|2gcpds |
| 691 | 07|aRecherche|2gcpds |
| 720 | 1 |aRose, Damaris |
| 775 | 08|tRevisiting feminist research methodologies : |w(CaOODSP)9.688585 |
| 856 | 40|ahttp://publications.gc.ca|qPDF|s365 Ko|uhttps://publications.gc.ca/collections/Collection/SW21-142-2001F.pdf |